| 000 | 01669nam a22001937a 4500 | ||
|---|---|---|---|
| 003 | OSt | ||
| 005 | 20190116091159.0 | ||
| 008 | 180306b xxu||||| |||| 00| 0 spa d | ||
| 040 | _cPJ | ||
| 100 |
_aLinares, Juan Francisco _913 |
||
| 245 | 1 | 0 |
_aPoder discrecional administrativo : _b(arbitrio administrativo) / _cJuan Francisco Linares. |
| 260 |
_aBuenos Aires : _bAbeledo-Perrot, _c1958. |
||
| 300 |
_a302 p. _c20 cm. |
||
| 504 | _aBibliografía: p. 285- 292. | ||
| 505 | _aContenido: Arbitrio ordinario y extraordinario -- Arbitrio ordinario, extraordinario y norma -- Totalidad del ordenamiento jurídico y el arbitrio -- Formulas elásticas aplicadas por normas generales o por norma individuales -- La fórmula elástica expresada, la construida y la explicitada -- Leyes de competencia y normas de competencia -- Fines de conducta y regla de especialidad -- Competencia y regla de especialidad -- Ubicación del contenido dogmatico de finalidad en la norma -- Estado de derecho y legalidad de la administración -- Racionabilidad y valoración jurídica -- Las sanciones contra el órgano administrativo -- El deber de razonabilidad a cargo de la administración en la República Argentina -- Arbitrio administrativo ordinario y su ejercicio razonable e irrazonable -- Arbitrio extraordinario y su ejercicio razonable e irrazonable -- Relación entre las formulas de razonabilidad y de finalidad -- El acto administrativo con mero fundamento de razonabilidad -- Arbitrio administrativo y política -- Recapitulación y genero próximo. | ||
| 650 |
_aDERECHO ADMINISTRATIVO _9211 |
||
| 650 | 0 |
_aACTO ADMINISTRATIVO _91171 |
|
| 942 |
_cLIB _2udc _h351.9 _iLIN |
||
| 999 |
_c21 _d21 |
||